Nelson Mandela
| Main Author: | |
|---|---|
| Format: | Book |
| Published: |
Minneapolis :
Lerner Publications Company ,
2006
|
| Series: | Just the facts biographies
|
| Subjects: |
MARC
| LEADER | 00000cam a2200000 7i4500 | ||
|---|---|---|---|
| 001 | 0000103607 | ||
| 005 | 20080515.0 | ||
| 020 | |a 0822557436 | ||
| 090 | 0 | 0 | |a 920 |b FIN |
| 100 | 1 | |a Finlayson, Reggie | |
| 245 | 1 | 0 | |a Nelson Mandela |c Reggie Finlayson |
| 260 | |a Minneapolis : |b Lerner Publications Company , |c 2006 | ||
| 300 | |a 112p. ; |c 22cm. | ||
| 490 | 0 | |a Just the facts biographies | |
| 600 | 0 | 0 | |a Mandela,Nelson 1918 |x Juvenile literature |
| 650 | 0 | 0 | |a Biography |x Juvenile literature |
| 999 | |a 00195857 |b BUKU |c JUNIOR BOOKS |e PERPUSTAKAAN KOMUNITI PETALING JAYA | ||